Zvyšovanie spolupráce a inovačných kapacít v automobilovom priemysle

Rozvoj hospodárstva a vplyv pôsobenia subkontrahujúcich odvetví automobilových výrobcov v regióne. Kľúčové faktory udržateľného rozvoja pre budúcnosť. Inovácie a nárast inovačných kapacít. Projekt AUTOCLUSTERS je zameraný na rozvíjanie spolupráce medzi existujúcimi malými a strednými podnikmi spolu...

Descrizione completa

Salvato in:
Dettagli Bibliografici
Autore principale: Gyurák Babeľová, Zdenka
Altri autori: Šefčíková, Miriam, Beňo, Rastislav
Natura: Capitolo di libro
Lingua:slovacco
Soggetti:
Tags: Aggiungi Tag
Nessun Tag, puoi essere il primo ad aggiungerne!!

MARC

LEADER 00000nla$a2200000$$$4500
001 0142130
005 20221103134034.3
041 0 |a slo 
044 |a SK 
245 1 0 |a Zvyšovanie spolupráce a inovačných kapacít v automobilovom priemysle  |c Zdenka Gyurák Babeľová, Miriam Šefčíková, Rastislav Beňo 
520 |a Rozvoj hospodárstva a vplyv pôsobenia subkontrahujúcich odvetví automobilových výrobcov v regióne. Kľúčové faktory udržateľného rozvoja pre budúcnosť. Inovácie a nárast inovačných kapacít. Projekt AUTOCLUSTERS je zameraný na rozvíjanie spolupráce medzi existujúcimi malými a strednými podnikmi spolu s výskumnými ústavmi a univerzitami v oblasti automobilového priemyslu. 
610 2 0 |a manažment 
610 2 0 |a riadenie podnikové 
610 2 0 |a riadenie priemyslu 
610 2 0 |a metódy riadenia 
610 2 0 |a stratégia inovačná 
610 2 0 |a projekty 
610 2 0 |a odvetvia výrobné 
610 2 0 |a priemysel automobilový 
610 2 0 |a spolupráca podnikov 
100 1 |a Gyurák Babeľová, Zdenka 
700 1 |a Šefčíková, Miriam 
700 1 |a Beňo, Rastislav